000 01169nam a22002657a 4500
003 PE SENCICO BE
005 20251020182640.0
008 230711b |||||||| |||| 00| 0 eng d
040 _aPE SENCICO BE
_cPE SENCICO BE
041 _aspa
084 _aI
_aTOP
_a2016
_bC93
100 1 _91236
_aChumpitaz Pardo, Richard Alexis
_eautor
245 1 _aLevantamientos y controles topográficos para el mapeo y explotación minera mediante túneles o socavones y a cielo abierto, con equipos GPS y estaciones totales /
_cRichard Alexis Chumpitaz Pardo
260 _aLima :
_c2016
300 _a52 h. :
_bdiagrs., tabls. ;
_c29 cm.
502 _aMonografía de Titulación.-- Servicio Nacional de Capacitación para la Industria de la Construcción. Escuela Superior Técnica. Carrera Profesional Técnica en Topografía y Geodesía, 2016.
504 _aBibliografía: h. 52
650 1 4 _94
_aTopografía
650 2 4 _9116
_aLevantamiento topográfico
650 2 4 _9911
_aGPS
650 2 4 _91210
_aMinería
710 1 _aServicio Nacional de Capacitación para la Industria de la Construcción.
_bEscuela Superior Técnica
_91065
910 _bhfp
_chfp
942 _cMON
999 _c4244
_d4244